[Event "CAN-op U2400"]
[Site "Montreal CAN"]
[Date "2014.07.24"]
[Round "7"]
[White "Drolet, Stephane"]
[Black "Burrows, Zachary"]
[Result "1/2-1/2"]
[WhiteElo "2066"]
[BlackElo "2138"]
[PlyCount "109"]
[EventDate "2014.07.19"]
[EventType "swiss"]
[EventRounds "9"]
[EventCountry "CAN"]

1. d4 Nf6 2. Nf3 c5 3. c3 cxd4 4. cxd4 e6 5. Nc3 d5 6. Bg5 Be7 7. e3 Nc6 8. Bd3
Nd7 9. Bf4 a6 10. Rc1 Nf6 11. h3 Bd6 12. Bxd6 Qxd6 13. O-O Bd7 14. a3 O-O 15.
Na4 e5 16. Nxe5 Nxe5 17. dxe5 Qxe5 18. Nb6 Rad8 19. Qc2 Bc6 20. Rfe1 Rd6 21. b4
Rfd8 22. Qc5 Ne4 23. Qa5 Re8 24. Na4 Bxa4 25. Qxa4 b5 26. Qc2 g6 27. a4 Rb6 28.
axb5 axb5 29. Bxe4 Qxe4 30. Qc5 Ree6 31. Red1 Red6 32. Rd4 Qe8 33. Qc7 Rbc6 34.
Rxc6 Rxc6 35. Qb7 Rc1+ 36. Kh2 Qe5+ 37. g3 Rc2 38. Kg1 Rc1+ 39. Kg2 Rc2 40. Rf4
Qe6 41. Qxb5 g5 42. Rf3 Rc4 43. Qb8+ Kg7 44. b5 Rb4 45. Qb7 h6 46. g4 Rb1 47.
Rf5 Qe4+ 48. Rf3 Qe6 49. Qc6 Rb3 50. Qc5 Qe5 51. Rf5 Qe4+ 52. Kg3 Rb1 53. Qxd5
Rg1+ 54. Kh2 Rh1+ 55. Kg3 1/2-1/2

[Event "CAN-op U2400"]
[Site "Montreal CAN"]
[Date "2014.07.24"]
[Round "7"]
[White "Dube, Daniel"]
[Black "Lopez Linares, Lizandro"]
[Result "0-1"]
[WhiteElo "2025"]
[BlackElo "1839"]
[PlyCount "72"]
[EventDate "2014.07.19"]
[EventType "swiss"]
[EventRounds "9"]
[EventCountry "CAN"]

1. e4 c6 2. c4 d5 3. exd5 cxd5 4. cxd5 Qxd5 5. Nc3 Qa5 6. Nf3 Nf6 7. Bc4 a6 8.
O-O e6 9. d4 b5 10. Bb3 b4 11. Na4 Bb7 12. Ne5 Bd6 13. Bf4 Qd8 14. Qe2 Bd5 15.
Rac1 O-O 16. Bg3 Bxb3 17. axb3 Nd5 18. Rfd1 Qe7 19. Nc6 Nxc6 20. Rxc6 Bxg3 21.
hxg3 Qb7 22. Rdc1 Rfd8 23. Qc4 h5 24. Qe2 Nc3 25. Qc4 Rxd4 26. Qc5 Ne2+ 27. Kh2
Nxc1 28. Qxc1 Rad8 29. Rc7 Qe4 30. Qg5 R8d5 31. Qe7 Rf5 32. Nc5 Qe1 33. Qe8+
Kh7 34. Rxf7 Rxf7 35. Qxf7 Qe5 36. Nxe6 Rh4+ 0-1

[Event "CAN-op U2400"]
[Site "Montreal CAN"]
[Date "2014.07.24"]
[Round "7"]
[White "Enkh-Amar, Galbadrakh"]
[Black "Baciu, Diana"]
[Result "0-1"]
[WhiteElo "2140"]
[BlackElo "2294"]
[PlyCount "128"]
[EventDate "2014.07.19"]
[EventType "swiss"]
[EventRounds "9"]
[EventCountry "CAN"]

1. Nf3 d5 2. c4 d4 3. g3 g6 4. Bg2 Bg7 5. O-O e5 6. d3 Ne7 7. e3 dxe3 8. fxe3
Nbc6 9. Nc3 O-O 10. Rb1 Bf5 11. Ne1 Qd7 12. Nd5 f6 13. b4 Nd8 14. e4 Be6 15.
Be3 c6 16. Nxe7+ Qxe7 17. Bc5 Qd7 18. Bxf8 Kxf8 19. Qe2 Nf7 20. c5 Rd8 21. Kh1
Qd4 22. Qf2 a6 23. a4 Ke7 24. h3 Qxf2 25. Rxf2 Bh6 26. Re2 Rd4 27. Reb2 Nd8 28.
Bf1 Rd7 29. b5 axb5 30. axb5 Be3 31. Rc2 cxb5 32. Rxb5 Rc7 33. d4 Bxd4 34. Nf3
Nc6 35. Kg2 f5 36. Ng5 Bg8 37. Bd3 Be3 38. Nf3 Be6 39. Rcb2 Bc8 40. Ra2 Nd4 41.
Nxd4 Bxd4 42. Rc2 Bd7 43. Ra5 Bc6 44. Kf3 Rc8 45. Ke2 Rf8 46. exf5 gxf5 47. Bb5
Be4 48. Bd3 Bg2 49. Ke1 Bh1 50. Ra4 Kf6 51. Rb4 Ra8 52. Rb6+ Kg5 53. Be2 f4 54.
h4+ Kf5 55. gxf4 exf4 56. Rb3 Be3 57. Bd3+ Kg4 58. Rh2 Bd5 59. Rb1 f3 60. Be2
Kg3 61. Bxf3 Bxf3 62. Rhb2 Bxc5 63. Rb3 Ra2 64. R3b2 Ra4 0-1

[Event "CAN-op U2400"]
[Site "Montreal CAN"]
[Date "2014.07.24"]
[Round "7"]
[White "Gardner, Robert"]
[Black "Lebeau, Gilbert"]
[Result "0-1"]
[WhiteElo "2164"]
[BlackElo "1998"]
[PlyCount "46"]
[EventDate "2014.07.19"]
[EventType "swiss"]
[EventRounds "9"]
[EventCountry "CAN"]

1. d4 d5 2. c4 c6 3. Nf3 Nf6 4. Nc3 dxc4 5. a4 Bf5 6. Ne5 Nbd7 7. Nxc4 Nb6 8.
Ne5 a5 9. f3 Nfd7 10. Nxd7 Qxd7 11. e4 Bg6 12. Be3 Qc7 13. Qb3 e6 14. d5 Bb4
15. dxe6 O-O 16. exf7+ Bxf7 17. Qc2 Nc4 18. Bf2 Rad8 19. Rd1 Rxd1+ 20. Kxd1
Rd8+ 21. Ke1 Nxb2 22. Bg3 Qd7 23. Be2 Qd4 0-1

[Event "CAN-op U2400"]
[Site "Montreal CAN"]
[Date "2014.07.24"]
[Round "7"]
[White "Haddadi, Farshad"]
[Black "Gilbert, Erick"]
[Result "0-1"]
[WhiteElo "2000"]
[BlackElo "1946"]
[PlyCount "82"]
[EventDate "2014.07.19"]
[EventType "swiss"]
[EventRounds "9"]
[EventCountry "CAN"]

1. d4 Nf6 2. Nc3 d5 3. Nf3 g6 4. h3 Bg7 5. Bf4 c6 6. e3 O-O 7. Bd3 Nbd7 8. O-O
Re8 9. Qd2 Nh5 10. Bh2 e5 11. dxe5 Nxe5 12. Be2 Nxf3+ 13. Bxf3 Nf6 14. Rae1 Bf5
15. Qc1 Qa5 16. a3 Qc5 17. g4 Be4 18. Nxe4 dxe4 19. Bg2 Nd5 20. Rd1 b5 21. b4
Qc3 22. Rfe1 Qb2 23. c4 bxc4 24. Qxc4 Qc3 25. Rc1 Qxa3 26. b5 Nb6 27. Qxc6 Rac8
28. Bc7 Be5 29. Qb7 Qe7 30. Qxa7 Bxc7 31. Kh1 Qe5 32. Kg1 Qe7 33. Kf1 Nd5 34.
Red1 Bb6 35. Qa6 Ra8 36. Qxa8 Rxa8 37. Rxd5 Qf6 38. Bxe4 Bxe3 39. Rc2 Ra1+ 40.
Kg2 Bb6 41. f3 Rg1+ 0-1

[Event "CAN-op U2400"]
[Site "Montreal CAN"]
[Date "2014.07.24"]
[Round "7"]
[White "Holliman, Robert"]
[Black "Trottier, Emile"]
[Result "0-1"]
[WhiteElo "1976"]
[BlackElo "2168"]
[PlyCount "70"]
[EventDate "2014.07.19"]
[EventType "swiss"]
[EventRounds "9"]
[EventCountry "CAN"]

1. c4 e6 2. Nf3 f5 3. g3 d5 4. cxd5 exd5 5. Bg2 Nf6 6. d4 c6 7. O-O Bd6 8. Bg5
O-O 9. Nc3 Qe8 10. Bxf6 Rxf6 11. Rb1 Nd7 12. b4 Rh6 13. e3 Nf6 14. Ng5 Ng4 15.
Qb3 Kf8 16. h3 Bxg3 17. fxg3 Qxe3+ 18. Kh1 Qxg3 19. Nf3 Ne3 20. Qb2 f4 21. Ng1
Bf5 22. Rbe1 Re8 23. Qf2 Nxf1 24. Rxe8+ Kxe8 25. Qxf1 Qxc3 26. Qxf4 Bxh3 27.
Bxh3 Rxh3+ 28. Kg2 Re3 29. Qb8+ Kd7 30. Qxb7+ Kd6 31. Qb8+ Ke6 32. Qe8+ Kf6 33.
Qf8+ Kg6 34. Qd6+ Kg5 35. Qd8+ Kh5 0-1

[Event "CAN-op U2400"]
[Site "Montreal CAN"]
[Date "2014.07.24"]
[Round "7"]
[White "Itkin, David"]
[Black "Reeve, Jeff"]
[Result "1/2-1/2"]
[WhiteElo "2096"]
[BlackElo "2245"]
[PlyCount "36"]
[EventDate "2014.07.19"]
[EventType "swiss"]
[EventRounds "9"]
[EventCountry "CAN"]

1. e4 c5 2. Nf3 d6 3. Nc3 Nc6 4. d4 cxd4 5. Nxd4 g6 6. Be3 Bg7 7. Bc4 Nf6 8. h3
O-O 9. Bb3 Bd7 10. O-O Rc8 11. f4 Qa5 12. Nd5 Nxd5 13. exd5 Nxd4 14. Bxd4 Bxd4+
15. Qxd4 Qc5 16. Rad1 Bf5 17. c3 Be4 18. Rf2 Qxd4 1/2-1/2

[Event "CAN-op U2400"]
[Site "Montreal CAN"]
[Date "2014.07.24"]
[Round "7"]
[White "Jacquet, Stephane"]
[Black "Anastasovski, Nikola"]
[Result "1/2-1/2"]
[WhiteElo "1992"]
[BlackElo "2059"]
[PlyCount "107"]
[EventDate "2014.07.19"]
[EventType "swiss"]
[EventRounds "9"]
[EventCountry "CAN"]

1. d4 f5 2. e4 d6 3. Nc3 Nf6 4. f3 g6 5. Bc4 c6 6. a4 d5 7. exd5 cxd5 8. Bb5+
Nc6 9. Bg5 Bg7 10. Qd2 e6 11. Nge2 Bd7 12. h4 h6 13. Bf4 Qe7 14. Bxc6 bxc6 15.
Be5 O-O 16. Nf4 Be8 17. Qe3 Bf7 18. b3 Rfe8 19. O-O Nd7 20. Bxg7 Kxg7 21. g3 e5
22. dxe5 Qxe5 23. Qxe5+ Nxe5 24. Kf2 Re7 25. Rfe1 Rae8 26. Rad1 d4 27. Rxd4
Ng4+ 28. fxg4 Rxe1 29. gxf5 gxf5 30. Nce2 Ra1 31. Rd6 c5 32. Rd7 Kg8 33. Rxa7
Ra2 34. c4 Rb2 35. Ra5 Rexe2+ 36. Nxe2 Bh5 37. Rxc5 Rxe2+ 38. Kf1 Re3 39. Rxf5
Bd1 40. b4 Bxa4 41. Kf2 Rc3 42. Rf4 Kg7 43. Kg2 Bb3 44. c5 Bd5+ 45. Kf2 Bc6 46.
g4 Rh3 47. g5 hxg5 48. hxg5 Bb5 49. Rf6 Rb3 50. Rb6 Rxb4 51. c6 Rc4 52. Rxb5
Rxc6 53. Kf3 Rc4 54. Rb6 1/2-1/2

[Event "CAN-op U2400"]
[Site "Montreal CAN"]
[Date "2014.07.24"]
[Round "7"]
[White "Klenburg, Mikhail"]
[Black "Li, Kevin"]
[Result "1/2-1/2"]
[WhiteElo "2368"]
[BlackElo "2152"]
[PlyCount "70"]
[EventDate "2014.07.19"]
[EventType "swiss"]
[EventRounds "9"]
[EventCountry "CAN"]

1. g3 Nf6 2. Bg2 g6 3. c4 Bg7 4. Nc3 O-O 5. d4 d6 6. Nf3 Nbd7 7. O-O e5 8. Qc2
c6 9. Rd1 Qe7 10. b3 exd4 11. Nxd4 Re8 12. Bb2 Nc5 13. e3 Nce4 14. Nxe4 Nxe4
15. f3 Ng5 16. Re1 Bh3 17. Rad1 Bxg2 18. Kxg2 Qf6 19. Bc1 Ne6 20. Nxe6 Rxe6 21.
Rd3 Rae8 22. Red1 Qe7 23. Qd2 Bh6 24. f4 Bf8 25. Qf2 h5 26. h3 Re4 27. Qf3 f5
28. Kf2 Qf6 29. Qe2 Qe6 30. Bb2 d5 31. cxd5 cxd5 32. Qd2 Bb4 33. Qc1 Rc8 34.
Qb1 Re8 35. Qc1 Rc8 1/2-1/2

[Event "CAN-op U2400"]
[Site "Montreal CAN"]
[Date "2014.07.24"]
[Round "7"]
[White "Le Duin, Thierry"]
[Black "Fillion, Steve"]
[Result "0-1"]
[WhiteElo "2062"]
[BlackElo "2140"]
[PlyCount "86"]
[EventDate "2014.07.19"]
[EventType "swiss"]
[EventRounds "9"]
[EventCountry "CAN"]

1. d4 d5 2. Nf3 Nf6 3. c3 Bf5 4. Nh4 Bc8 5. Nf3 g6 6. h3 Bg7 7. Bf4 O-O 8. e3
b6 9. Bb5 Bb7 10. O-O c5 11. Nbd2 Nbd7 12. Ne5 Nxe5 13. Bxe5 a6 14. Ba4 b5 15.
Bc2 Nd7 16. Bxg7 Kxg7 17. f4 e6 18. Qg4 f5 19. Qg3 Kh8 20. Qf2 Qe7 21. g4 a5
22. g5 b4 23. Rfb1 c4 24. a3 Bc6 25. Nf3 Rfb8 26. axb4 axb4 27. Qd2 b3 28. Bd1
Qd8 29. Qc1 Qb6 30. Rxa8 Rxa8 31. Nh2 Ra2 32. Nf1 Qa7 33. Ng3 Nb6 34. Nh1 Na4
35. Nf2 Kg7 36. Bf3 Nxb2 37. Rxb2 Ra1 38. Rb1 Rxb1 39. Qxb1 Qa2 40. Qe1 b2 41.
Nd1 b1=Q 42. Qh4 Ba4 43. Qh6+ Kg8 0-1

[Event "CAN-op U2400"]
[Site "Montreal CAN"]
[Date "2014.07.24"]
[Round "7"]
[White "Lee, Megan"]
[Black "Khassanov, Marat"]
[Result "1/2-1/2"]
[WhiteElo "2094"]
[BlackElo "2256"]
[PlyCount "93"]
[EventDate "2014.07.19"]
[EventType "swiss"]
[EventRounds "9"]
[EventCountry "CAN"]

1. e4 e6 2. d4 d5 3. Nc3 Nf6 4. Bg5 dxe4 5. Nxe4 Be7 6. Bxf6 Bxf6 7. Nf3 Nd7 8.
c3 O-O 9. Bd3 e5 10. Nxf6+ Qxf6 11. O-O exd4 12. Nxd4 Ne5 13. Be4 Rd8 14. f4
Ng4 15. Qe1 c5 16. Nf3 Bf5 17. Ne5 Re8 18. Bxb7 Rab8 19. Bf3 Nxe5 20. fxe5 Qxe5
21. Qxe5 Rxe5 22. Rfe1 Rxe1+ 23. Rxe1 Be6 24. b3 Kf8 25. Re5 Rc8 26. Kf2 Ke7
27. Re2 a5 28. Re4 c4 29. Re3 Kd6 30. Bd1 Rb8 31. bxc4 Bxc4 32. a4 Rb2+ 33. Kg3
Bf1 34. Bf3 Ra2 35. Re4 Rc2 36. Rd4+ Ke6 37. Re4+ Kd6 38. Rd4+ Ke7 39. Rd5 Rxc3
40. Rxa5 Ra3 41. Kf4 Kd6 42. Ra8 h6 43. h4 g6 44. h5 Bc4 45. hxg6 fxg6 46. Be4
Ra2 47. Rd8+ 1/2-1/2

[Event "CAN-op U2400"]
[Site "Montreal CAN"]
[Date "2014.07.24"]
[Round "7"]
[White "Luksza, Arkadiusz"]
[Black "Poulin, Mathieu"]
[Result "1-0"]
[WhiteElo "2107"]
[BlackElo "1992"]
[PlyCount "149"]
[EventDate "2014.07.19"]
[EventType "swiss"]
[EventRounds "9"]
[EventCountry "CAN"]

1. d4 d5 2. c4 e6 3. cxd5 exd5 4. Nc3 Nf6 5. Bg5 Be7 6. e3 c6 7. Bd3 Nbd7 8.
Nge2 O-O 9. O-O Nh5 10. Bxe7 Qxe7 11. a3 Ndf6 12. Qc2 g6 13. b4 a6 14. Rab1 Ng7
15. a4 Bf5 16. a5 Rae8 17. Na4 Ng4 18. Nc5 Qc7 19. Nf4 Bxd3 20. Qxd3 g5 21. h3
Nf6 22. Ne2 Ne4 23. Nxe4 Rxe4 24. Ng3 Rh4 25. Nf5 Re4 26. Nh6+ Kh8 27. Ng4 Re6
28. f4 gxf4 29. Rxf4 Qe7 30. Rbf1 f5 31. Ne5 Qxb4 32. g4 Rh6 33. Kg2 Qxa5 34.
g5 Re6 35. h4 Qd8 36. Kh3 Qe7 37. Rg1 Rxe5 38. dxe5 Qxe5 39. Qd4 Re8 40. Rb1
Qxe3+ 41. Qxe3 Rxe3+ 42. Kg2 b5 43. Ra1 Re4 44. Rxe4 fxe4 45. Rxa6 Nf5 46. Rxc6
Nxh4+ 47. Kg3 Nf3 48. Kf4 Kg7 49. Rc5 b4 50. Rxd5 b3 51. Rb5 Nd4 52. Rb7+ Kg6
53. Rb6+ Kf7 54. Kxe4 Ne6 55. Kf5 Nd4+ 56. Kg4 Kg7 57. Kh5 Nf5 58. Rb7+ Kg8 59.
Rxb3 Ng7+ 60. Kg4 Kf7 61. Rb7+ Kg6 62. Rb6+ Kf7 63. Rf6+ Kg8 64. Rf1 Ne8 65.
Re1 Kf7 66. Kh5 Nd6 67. Kh6 Kg8 68. Rf1 Ne4 69. Ra1 Kf7 70. Ra4 Nc5 71. Ra7+
Kg8 72. Ra8+ Kf7 73. Kxh7 Ne6 74. g6+ Kf6 75. Ra6 1-0

[Event "CAN-op U2400"]
[Site "Montreal CAN"]
[Date "2014.07.24"]
[Round "7"]
[White "Nikulich, Oleksandr"]
[Black "Simard, Francois"]
[Result "1-0"]
[WhiteElo "2008"]
[BlackElo "1750"]
[PlyCount "79"]
[EventDate "2014.07.19"]
[EventType "swiss"]
[EventRounds "9"]
[EventCountry "CAN"]

1. d4 d5 2. c4 c6 3. Nf3 Nf6 4. e3 e6 5. Nbd2 Nbd7 6. b3 Bb4 7. Bd3 Ne4 8. O-O
Ndf6 9. Qc2 Nxd2 10. Nxd2 c5 11. dxc5 Bxc5 12. Bb2 dxc4 13. Nxc4 b6 14. Ne5 Nd5
15. Rfd1 Qg5 16. Bb5+ Kf8 17. Qe2 f6 18. Nd7+ Bxd7 19. Bxd7 Ke7 20. Bc6 Rad8
21. Qa6 Kf7 22. Qxa7+ Kg6 23. Qa4 Bxe3 24. Bxd5 exd5 25. fxe3 Qxe3+ 26. Kh1
Rhe8 27. Qg4+ Kf7 28. Bd4 Qe2 29. Qxe2 Rxe2 30. Bxb6 Ra8 31. a4 Rb2 32. Rxd5
Rxb3 33. Bg1 Ke6 34. Rd4 Rab8 35. a5 Ke5 36. a6 Ra8 37. a7 Rb7 38. Rad1 Rbxa7
39. Rd5+ Ke6 40. Bxa7 1-0

[Event "CAN-op U2400"]
[Site "Montreal CAN"]
[Date "2014.07.24"]
[Round "7"]
[White "Noritsyn, Sergey"]
[Black "Weber, Meikel"]
[Result "1/2-1/2"]
[WhiteElo "1821"]
[BlackElo "2042"]
[PlyCount "83"]
[EventDate "2014.07.19"]
[EventType "swiss"]
[EventRounds "9"]
[EventCountry "CAN"]

1. e4 e5 2. Nf3 Nc6 3. d4 exd4 4. Nxd4 Nf6 5. Nc3 Bb4 6. Nxc6 bxc6 7. Bd3 d5 8.
exd5 O-O 9. O-O cxd5 10. Bg5 c6 11. Qf3 h6 12. Bxf6 Qxf6 13. Qxf6 gxf6 14. Ne2
c5 15. Nf4 Be6 16. Nh5 f5 17. c3 Ba5 18. f4 Rab8 19. Rab1 c4 20. Bc2 Bb6+ 21.
Kh1 d4 22. h3 d3 23. Bd1 Kh8 24. Bf3 Rfd8 25. g4 Rg8 26. Kh2 fxg4 27. hxg4 Bxg4
28. Nf6 Bxf3 29. Nxg8 Be2 30. Nxh6 Bxf1 31. Rxf1 Rb7 32. b3 cxb3 33. axb3 Kg7
34. Nf5+ Kf6 35. Nd6 Rd7 36. Nc4 Rd8 37. Kg3 Kf5 38. Kf3 d2 39. Ke2 d1=Q+ 40.
Rxd1 Rxd1 41. Kxd1 Bc7 42. Ne5 1/2-1/2

[Event "CAN-op U2400"]
[Site "Montreal CAN"]
[Date "2014.07.24"]
[Round "7"]
[White "Robichaud, Louis"]
[Black "Drkulec, Vladimir"]
[Result "1/2-1/2"]
[WhiteElo "2075"]
[BlackElo "1922"]
[PlyCount "162"]
[EventDate "2014.07.19"]
[EventType "swiss"]
[EventRounds "9"]
[EventCountry "CAN"]

1. e4 c5 2. Nc3 g6 3. g3 Bg7 4. Bg2 Nc6 5. d3 Nf6 6. f4 O-O 7. Nf3 d6 8. O-O e6
9. h3 Rb8 10. Be3 b6 11. d4 Ba6 12. Re1 Nxd4 13. Nxd4 cxd4 14. Bxd4 Rc8 15. Qf3
Bb7 16. Rad1 Qe7 17. Qf2 Bc6 18. Nd5 Nxd5 19. Bxg7 Kxg7 20. exd5 Ba8 21. c3
Rfd8 22. dxe6 fxe6 23. Bxa8 Rxa8 24. Re2 d5 25. Rde1 Rd6 26. Qd4+ Kf7 27. Re5
Qc7 28. f5 Qc5 29. fxg6+ hxg6 30. Rf1+ Ke7 31. Rf4 Qxd4+ 32. cxd4 Rc6 33. Rg5
Rg8 34. h4 Rcc8 35. Rfg4 Kf6 36. Rf4+ Ke7 37. Kf2 Rc2+ 38. Kf3 Rxb2 39. h5 Rxa2
40. hxg6 Rg7 41. Kg4 Rh2 42. Rf1 Rh6 43. Ra1 Kd6 44. Rxa7 Rgxg6 45. Rxg6 Rxg6+
46. Kf4 Rg8 47. Rb7 Kc6 48. Re7 Rg6 49. g4 b5 50. g5 b4 51. Rh7 Kb5 52. Rh6 Rg8
53. Rxe6 Kc4 54. Rb6 b3 55. g6 Kc3 56. Ke5 b2 57. Rc6+ Kd3 58. Rb6 Kc2 59. Rc6+
Kd3 60. Rb6 Rxg6 61. Rxb2 Rg5+ 62. Kf4 Rh5 63. Rb4 Kc3 64. Ra4 Kb3 65. Ra8 Kc3
66. Ra4 Kb3 67. Ra8 Kb4 68. Rc8 Kb5 69. Rc5+ Kb6 70. Kg4 Rh6 71. Rxd5 Kc6 72.
Ra5 Kd7 73. Kg5 Rd6 74. d5 Rb6 75. Kf5 Rh6 76. Ke5 Rg6 77. Ra7+ Kd8 78. Kd4 Rh6
79. Ke5 Rg6 80. Rf7 Rh6 81. Rf6 Rxf6 1/2-1/2

[Event "CAN-op U2400"]
[Site "Montreal CAN"]
[Date "2014.07.24"]
[Round "7"]
[White "Song, Sam"]
[Black "Luo, Zhao Yang"]
[Result "1/2-1/2"]
[WhiteElo "2030"]
[BlackElo "1959"]
[PlyCount "48"]
[EventDate "2014.07.19"]
[EventType "swiss"]
[EventRounds "9"]
[EventCountry "CAN"]

1. e4 c6 2. d4 d5 3. exd5 cxd5 4. Bd3 Nf6 5. c3 Nc6 6. Bf4 Bg4 7. Qb3 Qd7 8.
Nd2 e6 9. Ngf3 Bxf3 10. Nxf3 Bd6 11. Bxd6 Qxd6 12. O-O O-O 13. Rae1 Qc7 14. Qc2
Rfc8 15. Re2 Qa5 16. Qb1 b5 17. Nd2 Qb6 18. f4 b4 19. Nb3 Rab8 20. Nc5 Qa5 21.
Nb3 Qb6 22. Nc5 Qa5 23. Nb3 Qb6 24. Nc5 Qa5 1/2-1/2

[Event "CAN-op U2400"]
[Site "Montreal CAN"]
[Date "2014.07.24"]
[Round "7"]
[White "Tonakanian, Stephan"]
[Black "Oussedik, Elias"]
[Result "1-0"]
[WhiteElo "1922"]
[BlackElo "2100"]
[PlyCount "79"]
[EventDate "2014.07.19"]
[EventType "swiss"]
[EventRounds "9"]
[EventCountry "CAN"]

1. d4 e6 2. Nf3 Nf6 3. g3 c5 4. e3 b6 5. Bg2 Bb7 6. O-O d6 7. c4 Qc7 8. b3 Be7
9. Nc3 a6 10. Bb2 O-O 11. d5 exd5 12. cxd5 b5 13. Nh4 g6 14. e4 Nbd7 15. f4
Rab8 16. Qd2 Rfe8 17. Rae1 b4 18. Nd1 c4 19. Bd4 Bf8 20. bxc4 Qxc4 21. Nf2 Bg7
22. Qb2 Nh5 23. Bxg7 Nxg7 24. Rc1 Qb5 25. Ng4 a5 26. Nh6+ Kf8 27. f5 g5 28.
Ng6+ hxg6 29. fxg6 Ne5 30. Nxf7 Kg8 31. Qd2 Nxg6 32. Qxg5 Ne5 33. Nh6+ Kh7 34.
Nf5 Qd7 35. Qh4+ Kg8 36. Nh6+ Kh7 37. Nf7+ Nh5 38. Qxh5+ Kg7 39. Qh6+ Kg8 40.
Qh8# 1-0

[Event "CAN-op U2400"]
[Site "Montreal CAN"]
[Date "2014.07.24"]
[Round "7"]
[White "Tremblay, Alain"]
[Black "Voloaca, Mihnea"]
[Result "0-1"]
[WhiteElo "2045"]
[BlackElo "2018"]
[PlyCount "84"]
[EventDate "2014.07.19"]
[EventType "swiss"]
[EventRounds "9"]
[EventCountry "CAN"]

1. d4 Nf6 2. Nc3 d5 3. Bg5 Nbd7 4. Nf3 h6 5. Bh4 c6 6. e3 Qa5 7. Bd3 e6 8. a3
c5 9. Bxf6 Nxf6 10. dxc5 Qxc5 11. Bb5+ Bd7 12. Bxd7+ Nxd7 13. O-O Nf6 14. Qd3
Rd8 15. Rfd1 Be7 16. Na4 Qa5 17. Qb3 b5 18. Nc3 a6 19. a4 b4 20. Ne2 O-O 21. c3
bxc3 22. Qxc3 Qxc3 23. Nxc3 Rb8 24. Rab1 Rfc8 25. Rdc1 Rc7 26. Ne1 Bd6 27. Nd3
Ng4 28. h3 Ne5 29. Nxe5 Bxe5 30. Nd1 Rxc1 31. Rxc1 Rb4 32. Ra1 Bxb2 33. Ra2 Be5
34. Kf1 Kf8 35. Ke2 Ke7 36. Kd2 Kd6 37. Kd3 Kc5 38. f4 Bf6 39. a5 Rb3+ 40. Kd2
Rb1 41. Rc2+ Kd6 42. Nf2 Rb2 0-1

[Event "CAN-op U2400"]
[Site "Montreal CAN"]
[Date "2014.07.24"]
[Round "7"]
[White "Upper, John"]
[Black "Gauthier, Denis"]
[Result "1-0"]
[WhiteElo "2042"]
[BlackElo "1909"]
[PlyCount "95"]
[EventDate "2014.07.19"]
[EventType "swiss"]
[EventRounds "9"]
[EventCountry "CAN"]

1. Nf3 Nf6 2. c4 e6 3. g3 b6 4. Bg2 Bb7 5. Nc3 Bb4 6. O-O O-O 7. Qc2 a5 8. d3
Bxc3 9. Qxc3 d6 10. Rb1 Nbd7 11. b3 e5 12. Bb2 Qe7 13. Rfe1 Rab8 14. a3 Nh5 15.
e4 f5 16. exf5 Rxf5 17. d4 Bxf3 18. Bxf3 Rbf8 19. Bg4 Rg5 20. Bxh5 Rxh5 21.
dxe5 Nxe5 22. f4 Qf7 23. Re2 Qg6 24. Rf1 Rhf5 25. Kh1 h5 26. Rfe1 Nc6 27. Qf3
Ne5 28. Bxe5 dxe5 29. Qd5+ Kh7 30. Rxe5 h4 31. Kg2 Qg4 32. Rxf5 h3+ 33. Kf2
Rxf5 34. Qf3 Qg6 35. g4 Rf8 36. Qxh3+ Kg8 37. Qf3 Qf6 38. Kg3 Rd8 39. h4 Qb2
40. a4 Qc2 41. h5 Qd2 42. Re2 Qc1 43. Qe4 Qg1+ 44. Kh4 Qf1 45. Kg5 Qa1 46. Qe6+
Kh8 47. Kg6 Rf8 48. Qf7 1-0

[Event "CAN-op U2400"]
[Site "Montreal CAN"]
[Date "2014.07.24"]
[Round "7"]
[White "Voskanyan, Vahagn"]
[Black "Zhu, Hong Rui"]
[Result "1/2-1/2"]
[WhiteElo "2225"]
[BlackElo "2069"]
[PlyCount "98"]
[EventDate "2014.07.19"]
[EventType "swiss"]
[EventRounds "9"]
[EventCountry "CAN"]

1. e4 c5 2. Nf3 d6 3. Bb5+ Bd7 4. Bxd7+ Qxd7 5. O-O e6 6. Re1 Nc6 7. c3 Nge7 8.
d4 cxd4 9. cxd4 d5 10. e5 Ng6 11. a3 Be7 12. b4 O-O 13. Nc3 Rfc8 14. Na4 b6 15.
Bd2 Rab8 16. Rb1 a6 17. Nb2 Na7 18. Qb3 Rc7 19. Rbc1 Rbc8 20. a4 Rxc1 21. Rxc1
Rxc1+ 22. Bxc1 Nh4 23. Ne1 Qc8 24. Be3 Nc6 25. Nc2 Nf5 26. h3 a5 27. bxa5 Nxa5
28. Qd3 Nxe3 29. Nxe3 Qc1+ 30. Nbd1 Nc4 31. Kh2 Bb4 32. Qb3 Nxe3 33. Nxe3 Qd2
34. Nc2 Ba5 35. Kg1 Qc1+ 36. Kh2 Qf4+ 37. Kg1 Qc1+ 38. Kh2 Qd2 39. Kg1 h6 40.
g3 Kh7 41. Ne3 Qxd4 42. Qc2+ g6 43. Ng4 Qc3 44. Qe2 Kg7 45. Kg2 h5 46. Nf6 Qc6
47. Qf3 Qc3 48. Nxh5+ gxh5 49. Qf6+ Kg8 1/2-1/2

[Event "CAN-op U2400"]
[Site "Montreal CAN"]
[Date "2014.07.24"]
[Round "7"]
[White "Wiebe, Daniel"]
[Black "Cloutier, Mathieu"]
[Result "1-0"]
[WhiteElo "1874"]
[BlackElo "2040"]
[PlyCount "117"]
[EventDate "2014.07.19"]
[EventType "swiss"]
[EventRounds "9"]
[EventCountry "CAN"]

1. e4 c5 2. c3 d5 3. exd5 Qxd5 4. d4 cxd4 5. cxd4 Nc6 6. Nf3 Bg4 7. Nc3 Bxf3 8.
gxf3 Qxd4 9. Qxd4 Nxd4 10. Nb5 O-O-O 11. Nxd4 Rxd4 12. Be3 Rd7 13. Bxa7 e6 14.
Bb5 Bb4+ 15. Ke2 Rd2+ 16. Ke3 Rc2 17. a3 Bc5+ 18. Kd3 Rxb2 19. Bxc5 Rxb5 20.
Kc4 Ra5 21. Bf8 h5 22. Rac1 Rg5 23. Kb4+ Kd7 24. Rhd1+ Rd5 25. Rxd5+ exd5 26.
Bxg7 Rh7 27. Be5 Ne7 28. Rc7+ Ke6 29. Bc3 f6 30. Kb5 b6 31. Bd4 Rh8 32. Bxb6
Rb8 33. a4 d4 34. a5 Nd5 35. Rc1 d3 36. Re1+ Kf5 37. Kc4 Nf4 38. Rd1 Rc8+ 39.
Kd4 Rc6 40. Ke3 Rd6 41. Kd2 Nd5 42. Rb1 Kf4 43. Rb3 f5 44. Be3+ Kxf3 45. Rxd3
Nxe3 46. fxe3 Rg6 47. Ra3 Rg2+ 48. Kd3 Re2 49. Kd4 h4 50. e4+ Kf4 51. exf5 Re4+
52. Kd5 Re5+ 53. Kd6 Rxf5 54. a6 Kg4 55. a7 Rf8 56. a8=Q Rxa8 57. Rxa8 Kh3 58.
Ra2 Kg4 59. Ra3 1-0

[Event "CAN-op U2400"]
[Site "Montreal CAN"]
[Date "2014.07.24"]
[Round "7"]
[White "Yagiz, Bora"]
[Black "Caceres Cortes, Julio"]
[Result "1-0"]
[WhiteElo "1911"]
[BlackElo "2044"]
[PlyCount "78"]
[EventDate "2014.07.19"]
[EventType "swiss"]
[EventRounds "9"]
[EventCountry "CAN"]

1. e4 c5 2. Nf3 d6 3. d4 cxd4 4. Qxd4 Nc6 5. Bb5 Bd7 6. Bxc6 Bxc6 7. Nc3 Nf6 8.
Bg5 e6 9. O-O-O Be7 10. Rhe1 Qa5 11. Qd2 Rd8 12. Nd4 O-O 13. Kb1 Qc7 14. f3 Rb8
15. g4 b5 16. Nce2 Rfc8 17. Ng3 b4 18. Nh5 Ne8 19. Be3 a5 20. Rg1 a4 21. h4 Bb5
22. Nf4 b3 23. cxb3 axb3 24. a3 Bc4 25. g5 e5 26. g6 hxg6 27. Nxg6 fxg6 28.
Rxg6 exd4 29. Bxd4 Bd3+ 30. Ka1 Qc2 31. Qe1 Bf6 32. e5 Bxg6 33. exf6 Nxf6 34.
Bxf6 gxf6 35. Qe6+ Bf7 36. Rg1+ Kf8 37. Qxd6+ Ke8 38. Re1+ Be6 39. Qxe6+ Kf8
1-0

[Event "CAN-op U2400"]
[Site "Montreal CAN"]
[Date "2014.07.24"]
[Round "7"]
[White "Yang, Michael"]
[Black "Doknjas, John"]
[Result "0-1"]
[WhiteElo "1993"]
[BlackElo "2184"]
[PlyCount "96"]
[EventDate "2014.07.19"]
[EventType "swiss"]
[EventRounds "9"]
[EventCountry "CAN"]

1. e4 c5 2. Nf3 d6 3. c3 Nf6 4. Bd3 Nc6 5. Bc2 Bg4 6. d3 e6 7. Bf4 Be7 8. Nbd2
O-O 9. h3 Bh5 10. Qe2 b5 11. O-O d5 12. a4 a6 13. e5 Nd7 14. Qe3 Bg6 15. axb5
axb5 16. Nb3 c4 17. Nbd4 Nxd4 18. Nxd4 Qb6 19. dxc4 bxc4 20. Bxg6 hxg6 21. Rfb1
Nc5 22. b4 cxb3 23. Rxa8 Rxa8 24. Nxb3 Qc7 25. Nxc5 Bxc5 26. Qd3 Ra3 27. Rc1
Bb4 28. Bd2 Qxe5 29. Qc2 Bd6 30. g3 Qe2 31. Re1 Qc4 32. Rb1 Be5 33. Rc1 Ra2 34.
Qd1 Qd3 35. Be1 Qe4 36. Bd2 Qf5 37. g4 Qd3 38. Be3 Qxd1+ 39. Rxd1 Bxc3 40. Kg2
Rc2 41. Kf3 Be5 42. Rd3 Rc3 43. Rxc3 Bxc3 44. Ke2 e5 45. Kd3 Bb4 46. f3 f6 47.
Bb6 Kf7 48. Bc7 Ke6 0-1